000 00534cam a2200169 4500500
005 20260329003727.0
041 _afre
042 _adc
100 1 0 _aRogé, Antoine
_eauthor
245 0 0 _aBrioche petite-bourgeoise au crabe de Pierre Bourdie​u
260 _c2016.
500 _a87
690 _aCuisine
690 _aRecette
786 0 _nPhilosophie magazine | 103 | 10 | 2016-10-01 | p. 68-68 | 1951-1787
856 4 1 _uhttps://shs.cairn.info/magazine-philosophie-magazine-2016-10-page-68?lang=fr&redirect-ssocas=7080
999 _c1827102
_d1827102